| 000 | 00385nam a22001571a 4500 | ||
|---|---|---|---|
| 020 | _a9788178849782 | ||
| 082 |
_a294.551 4 _bABH/T |
||
| 100 | _aAbhinav Kashyap | ||
| 245 |
_aTantra : _ba magical power/ _cby Abhinav Kashyap |
||
| 260 |
_aNew Delhi: _bCyber Tech, _c2012. |
||
| 300 | _a256p. | ||
| 650 | _aTantric Hinduism | ||
| 650 | _aHinduism | ||
| 650 | _aReligion | ||
| 942 | _cBK | ||
| 999 |
_c45988 _d45988 |
||